| 000 | 00633nam a2200181Ia 4500 | ||
|---|---|---|---|
| 003 | IN-BaIIA | ||
| 008 | 211028s9999 xx 000 0 eng d | ||
| 020 | _a90-5699-016-0 | ||
| 040 | _cIIA Library | ||
| 080 |
_a524(063) _bKAT |
||
| 245 | 0 |
_aPhysics of accretion disks _badvection, radiation and magnetic fields _cedited by S. Kato |
|
| 260 |
_aAustralia _bGordon and Breach Science _c1996 |
||
| 300 | _axiv, 332p. | ||
| 490 | _aAdvances in Astronomy and Astrophysics | ||
| 650 |
_aAccretion disks, Advection dominated disks, Self gravitating disks. _921290 |
||
| 700 |
_aKato, S., ed. _921291 |
||
| 942 | _cBK | ||
| 999 |
_c12192 _d12192 |
||